| 000 | 01121nam0a2200301 4500 | ||
|---|---|---|---|
| 001 | RU\NLR\bibl\1970041 | ||
| 005 | 20250616205927.0 | ||
| 010 |
_a978-5-377-05843-4 _910000 |
||
| 021 |
_aRU _b2012-82869 _96131 |
||
| 035 | _a(NLR Aleph) 001958898 | ||
| 090 |
_a3797922 _c3797922 |
||
| 100 | _a20121122d2013 |||y0rusy50 ca | ||
| 101 | 0 | _arus | |
| 102 | _aRU | ||
| 105 | _ay ||||||||| | ||
| 200 | 1 | _aГрамматика английского языка: Сборник упражнений: К учебнику М.З. Биболетовой и др. "Enjoy English. 2 класс" (Обнинск: Титул): 2 класс | |
| 205 | _a8-е изд., перераб. и доп | ||
| 210 |
_aМосква _cЭкзамен _d2013 |
||
| 215 | _d24 | ||
| 225 | 1 | _aУчебно-методический комплект | |
| 225 | 1 | _aУМК | |
| 225 | 1 | _aФГОС | |
| 700 | 1 |
_aБарашкова _bЕ. А _4070 |
|
| 801 | 0 |
_aRU _bNLR _c20121122 _gRCR |
|
| 801 | 1 |
_aRU _bNLR _c20121122 |
|
| 942 | _cBOOK | ||
| 980 | _aNB | ||